01747nam a2200373Ia 4500001001200000003000800012006001900020007001500039008004100054020001800095020003700113020004000150040002100190035002100211050002400232111007600256245020700332246004200539246004700581260005200628300001400680490012400694500003800818504005100856533015200907650003301059650003501092655002901127700003501156700002201191710001701213856012601230999001701356ebr10254987CaPaEBRm u cr cn|||||||||031128s2003 ne sb 101 0 eng d z9789027247599 z9027247595 (Amsterdam : hd. bd.) z1588114872 (Philadelphia : hd. bd.) aCaPaEBRcCaPaEBR a(OCoLC)42751044414aPJ6106b.S96 2001eb2 aSymposium on Arabic Linguisticsn(15th :d2001 :cSalt Lake City, Utah)10aPerspectives on Arabic linguistics XVh[electronic resource] :bpapers from the Fifteenth Annual Symposium on Arabic Linguistics, Salt Lake City 2001 /cedited by Dilworth B. Parkinson, Samira Farwaneh.3 aPerspectives on Arabic linguistics 153 aPerspectives on Arabic linguistics fifteen aAmsterdam ;aPhiladelphia :bBenjamins,cc2003. ax, 214 p.0 aAmsterdam studies in theory and history of linguistic science. Series IV, Current issues in linguistic theory ;vv. 247 aInternat. conference proceedings. aIncludes bibliographical references and index. aElectronic reproduction.bPalo Alto, Calif. :cebrary,d2009.nAvailable via World Wide Web.nAccess may be limited to ebrary affiliated libraries. 0aArabic languagevCongresses. 0aSemitic languagesvCongresses. 7aElectronic books.2local1 aParkinson, Dilworth B.,d1951-1 aFarwaneh, Samira.2 aebrary, Inc.40uhttp://site.ebrary.com/lib/rucke/Doc?id=10254987zAn electronic book accessible through the World Wide Web; click to view c34065d34065